| Tag |
First Indicator |
Second Indicator |
Subfields |
| LEADER |
00000cam a2200000 a 4500 |
| 001 |
in00000856425 |
| 005 |
20151019071945.0 |
| 008 |
851030s1985 dcuak b f00000 eng d |
| 010 |
|
|
|a gp 86001448
|
| 035 |
|
|
|a (OCoLC)12740873
|
| 035 |
|
|
|9 AED7664AM
|
| 040 |
|
|
|a GPO
|c GPO
|d UtOrBLW
|
| 043 |
|
|
|a n-us---
|
| 074 |
|
|
|a 766-D
|
| 086 |
0 |
|
|a L 35.6/4:L 86/985
|
| 088 |
|
|
|a OSHA 2232
|
| 245 |
0 |
0 |
|a Longshoring industry.
|
| 250 |
|
|
|a (Rev.) Sept. 1985.
|
| 264 |
|
1 |
|a Washington, D.C. :
|b U.S. Dept. of Labor, Occupational Safety and Health Administration,
|c 1985.
|
| 300 |
|
|
|a 256 pages :
|b illustrations, forms ;
|c 14 cm.
|
| 336 |
|
|
|a text
|b txt
|2 rdacontent
|
| 337 |
|
|
|a unmediated
|b n
|2 rdamedia
|
| 338 |
|
|
|a volume
|b nc
|2 rdacarrier
|
| 500 |
|
|
|a "OSHA safety and health standards digest"--Cover.
|
| 500 |
|
|
|a Shipping list number: 85-977-P.
|
| 500 |
|
|
|a "September 1983"--Spine.
|
| 504 |
|
|
|a Includes bibliographical references.
|
| 650 |
|
0 |
|a Industrial safety
|x Standards
|z United States.
|
| 650 |
|
0 |
|a Stevedores
|z United States.
|
| 650 |
|
0 |
|a Loading and unloading
|x Safety measures.
|
| 710 |
1 |
|
|a United States.
|b Occupational Safety and Health Administration.
|
| 740 |
0 |
|
|a OSHA safety and health standards digest.
|
| 999 |
|
|
|a MARS
|
| 999 |
f |
f |
|s f75e7637-2423-3a9b-81da-3abdcb3971eb
|i 1bed457b-f28f-305c-b9e3-e22c8a7eb995
|t 0
|
| 952 |
f |
f |
|p normal
|a Texas A&M University
|b College Station
|c Sterling C. Evans Library
|d Evans: US Documents (Annex 5th floor)
|t 0
|e L 35.6/4: L 86/985
|h Superintendent of Documents classification
|i unmediated -- volume
|m A14815936611
|
| 998 |
f |
f |
|a L 35.6/4: L 86/985
|t 0
|l Evans: US Documents (Annex 5th floor)
|